Państwa w Bloku Wschodnim - nagła śmierć - Statystyki

Ogólne statystyki
  • Ten quiz został rozwiązany 141 razy
    69 od ostatniego zresetowania
  • Średni wynik to 5 z 8
Answers on the Grid
Answers color-coded by a green-red scale on the quiz's grid according to % correct below.
ZSRR
NRD
Czechosłowacja
Polska
Węgry
Rumunia
Bułgaria
Albania
Czarnogóra
Dania
Grecja
Austria
RFN
Turcja
Finlandia
Szwecja
Szwajcaria
Serbia
Mołdawia
NDR
 
Statystyki odpowiedzi
Odpowiedź % Poprawnych
Polska
70%
ZSRR
70%
Czechosłowacja
63%
Rumunia
60%
NRD
57%
Węgry
57%
Bułgaria
50%
Albania
33%
Nie znaleziono quizów pasujących do podanych kryteriów
Rozkład punktacji
Procent ludzi z każdym wynikiem
Percentyl według liczby udzielonych odpowiedzi
Twoja historia wyników
Nie rozwiązałeś tego quizu od ostatniego zresetowania